Statistiques concernant Pays les plus proches de Royaume-Uni

Cliquez ici pour prendre le quiz!

Statistiques générales

  • Ce quiz a été pris 358 fois
  • Le résultat moyen est 17 sur 20

Statistiques - réponses

kmpays% Correct
33France
100%
0Irlande
100%
702Espagne
98%
80Belgique
97%
295Allemagne
95%
516Danemark
95%
133Pays-Bas
95%
685Suède
95%
293Norvège
94%
574Suisse
94%
337Luxembourg
92%
783Islande
89%
872Portugal
88%
718Autriche
87%
715Italie
87%
833Pologne
82%
905Andorre
80%
758Tchéquie
76%
732Liechtenstein
75%
284Îles Féroé
22%

Distribution des résultats

Percentile par nombre de réponses

% des personnes avec chaque résultat

Votre développement - résultats

Vous n’avez pas pris ce quiz